00459nam a2200169Ia 4500003000400000005001700004008004100021020001800062040000700080041000800087082002400095100004700119245005200166260004100218300001600259365001400275OSt20230323102036.0210423s2007 xx 000 0 und d a9780521542340 cAL aeng a792.0942 223bMCDM aMCDONALD (Marianne);WALTON (J Michael),Ed. aCambridge companion to Greek and Roman theatre. aUKbCambridge University Pressc2007 axvi,365bPB b1602cINR